Ústavní zákaz protahování promlčení odpovědnosti zaměstnavatele za přestupek

Úprava zániku zodpovednosti zamestnávateľa ako páchateľa priestupku uplynutím doby premlčania. Inštitút zániku zodpovednosti zamestnávateľa a súvisiaci vývoj judikatúry. Zákon o zodpovednosti za priestupky. Podmienky neústavnosti spätnej aplikácie prerušenia premlčania.

Gespeichert in:
Bibliographische Detailangaben
1. Verfasser: Štefko, Martin
Format: Buchkapitel
Sprache:Tschechisch
Schlagworte:
Tags: Tag hinzufügen
Keine Tags, Fügen Sie das erste Tag hinzu!

MARC

LEADER 00000naa a2200000 4500
001 0267691
005 20200819135955.2
041 0 |a cze 
044 |a SK 
245 1 0 |a Ústavní zákaz protahování promlčení odpovědnosti zaměstnavatele za přestupek  |c Martin Štefko 
520 |a Úprava zániku zodpovednosti zamestnávateľa ako páchateľa priestupku uplynutím doby premlčania. Inštitút zániku zodpovednosti zamestnávateľa a súvisiaci vývoj judikatúry. Zákon o zodpovednosti za priestupky. Podmienky neústavnosti spätnej aplikácie prerušenia premlčania. 
610 2 0 |a právo správne 
610 2 0 |a priestupky 
610 2 0 |a zodpovednosť právna 
610 2 0 |a premlčanie 
610 2 0 |a Česko 
100 1 |a Štefko, Martin